El Desafío (contraacadémico) de las universidades privadas en Costa Rica: buenos negocios, facilismo aprobismo, acreditación y algunas floraciones concomitantes /
En este artículo se hace referencia al papel que cumplen las universidades privadas en Costa Rica y como estas se caracterizan por: a. permitir la obtención de títulos académicos más rápidos y fácilmente, b. acreditar más y más la superabundancia de profesionale en distintas carrera, entre otas cosa...
Guardado en:
| Hovedforfatter: | |
|---|---|
| Format: | Texto |
| Fag: | |
| Tags: |
Tilføj Tag
Ingen Tags, Vær først til at tagge denne postø!
|
MARC
| LEADER | 00000 a a2200000 04500 | ||
|---|---|---|---|
| 001 | 15302 | ||
| 003 | |||
| 040 | |||
| 100 | |a Haba, Enrique Pedro | ||
| 245 | |a El Desafío (contraacadémico) de las universidades privadas en Costa Rica: |b buenos negocios, facilismo aprobismo, acreditación y algunas floraciones concomitantes / |c Enrique Pedro Haba | ||
| 500 | |a El ensayo adelanta el contenido de un apartado de la 2ª ed (en preparación) de un libro del autor: "Pedagogía y mala fe" | ||
| 520 | |a En este artículo se hace referencia al papel que cumplen las universidades privadas en Costa Rica y como estas se caracterizan por: a. permitir la obtención de títulos académicos más rápidos y fácilmente, b. acreditar más y más la superabundancia de profesionale en distintas carrera, entre otas cosas | ||
| 650 | |a ENSEÑANZA SUPERIOR | ||
| 650 | |a ENSEÑANZA PRIVADA | ||
| 650 | |a CALIDAD DE LA EDUCACION | ||
| 650 | |a CRISIS DE LA EDUCACION | ||
| 773 | |g número 97 (III); páginas 79-93 | ||
| 999 | |c 23605 |d 23605 | ||
| 773 | 0 | |0 18728 |9 3040 |a Universidad de Costa Rica |d San José, Costa Rica Editorial UCR 1956- |o 17114 |t Revista de Ciencias Sociales/ |x 04825276 | |
